000 00694nam a2200253Ia 4500
003 OSt
005 20220918192701.0
006 a|||||r|||| 00| 0
007 ta
008 220917b |||||||| |||| 00| 0 eng d
024 _a69,614
037 _cTextual
040 _aARTS
_cARTS
_beng
041 _2eng
_aeng
082 _aQ4z7, M3
100 _aKirthisinghe Buddhadasa P Ed.
_979791
245 0 _aBuddhist concepts
_b old and new
260 _aDelhi
_bSatguru Pub
_c1983
300 _aviii,221p.
_ccm.
490 _aBibliotheca Indo Buddhica; 8
650 _aRELIGION
942 _hQ4z7, M3
_cTEXL
_2CC
999 _c195754
_d195754